Los Incas
Salvato in:
| Autore principale: | |
|---|---|
| Natura: | Libro |
| Lingua: | spagnolo |
| Pubblicazione: |
Lima
Pontificia Universidad Católica del Perú
2009
|
| Soggetti: | |
| Tags: |
Aggiungi Tag
Nessun Tag, puoi essere il primo ad aggiungerne!!
|
MARC
| LEADER | 00000cam a2200000 a 4500 | ||
|---|---|---|---|
| 001 | UCF5939 | ||
| 003 | CL-VaPUC | ||
| 008 | 130404e20090000PE |||||||||||||||||spa|d | ||
| 020 | |a 9789972428203 | ||
| 082 | 0 | 4 | |a 985.019 |b PEA |2 21 |
| 100 | |a Pease García-Yrigoyen, Franklin |e autor |9 615090 | ||
| 245 | 1 | 4 | |a Los Incas |
| 300 | |a 175 p | ||
| 942 | |c BK | ||
| 945 | |d 20130404 00:00:00 |a dcastane | ||
| 260 | |a Lima |b Pontificia Universidad Católica del Perú |c 2009 | ||
| 650 | 7 | |a INCAS |2 CL-VaPUC |9 256565 | |
| 650 | 0 | |a Imperio Inca |9 441384 | |
| 650 | 7 | |a CIVILIZACIONES ANDINAS |2 CL-VaPUC |9 492877 | |
| 583 | |a last modification |c 20130404 09:53:00 |k Rodrigo Vera | ||
| 999 | |c 351332 |d 351330 | ||
| 952 | |0 0 |1 0 |4 0 |6 985_019000000000000_PEA_2009 |7 0 |8 X |9 455378 |a FDOBUD |b FDOBUD |d 2019-11-22 |i 4861396 |o 985.019 PEA 2009 |p 4861396 |r 2019-11-22 |w 2019-11-22 |y BK_X |k BUD | ||